000 00475nam a2200181Ia 4500
001 23765
005 20260414150959.0
008 260414t1971||||xx |||||||||||||| ||spa||
041 _aESP
082 _a709
_bE44
100 _aElsen, Albert E.
_eAUT
245 0 _aLos propositos del arte :
_bintroducción a la historia y a la apreciación del arte
260 _c1971
300 _a454 páginas :
_c29 cm.
650 _aABD
654 _aCAU
942 _cLIB
_dJUS
_fJUS
_2ddc
_n
999 _c23765
_d23765